[Event "IODFEM BO Bayerndreier 2018"]
[Site "Bodenmais"]
[Date "2018.07.28"]
[Round "1.1"]
[White "Weinmann, Helene"]
[Black "Von Herman, Brigitte"]
[Result "0-1"]
[WhiteElo "1581"]
[BlackElo "2068"]
[PlyCount "98"]
[EventDate "2018.??.??"]
[WhiteTeam "SV Riegelsberg"]
[BlackTeam "Königsjäger Süd-West"]

1. d4 Nf6 2. Nf3 e6 3. Nbd2 c5 4. e3 b6 5. Bd3 Bb7 6. O-O Be7 7. c3 cxd4 8.
exd4 O-O 9. Re1 d6 10. Ne4 Nbd7 11. Bf4 Qc7 12. Bg3 Rfe8 13. Qc2 h6 14. Nfd2 a6
15. Rac1 b5 16. f3 Nd5 17. a3 f5 18. Nc5 Nxc5 19. dxc5 Qxc5+ 20. Bf2 Qc8 21.
Qb1 Qd7 22. Nb3 Bf6 23. Na5 Rac8 24. Nxb7 Qxb7 25. Rcd1 Nb6 26. Re2 Nd5 27. Bc2
Qc6 28. Kf1 Bxc3 29. Rxd5 Qxd5 30. bxc3 Rxc3 31. Bxf5 Qc4 32. Bh7+ Kh8 33. Qe4
Rxa3 34. Bg6 Qxe4 35. Rxe4 Rb8 36. Rxe6 b4 37. Rxd6 Ra1+ 38. Ke2 Ra2+ 39. Ke3
b3 40. Bg3 b2 41. Rd1 Ra1 42. Bb1 Re8+ 43. Kf2 Kg8 44. Kf1 a5 45. Be1 a4 46.
Bb4 a3 47. Bxa3 Rxa3 48. Bg6 Rc8 49. Kf2 Ra1 0-1

[Event "IODFEM BO Bayerndreier 2018"]
[Site "Bodenmais"]
[Date "2018.07.28"]
[Round "1.3"]
[White "Rempe, Mieke"]
[Black "Just, Anita"]
[Result "0-1"]
[WhiteElo "1504"]
[BlackElo "1917"]
[PlyCount "94"]
[EventDate "2018.??.??"]
[WhiteTeam "SK Doppelbauer Kiel"]
[BlackTeam "SV Allianz Leipzig"]

1. e4 e6 2. d4 d5 3. exd5 exd5 4. Nf3 Nc6 5. c4 Bb4+ 6. Bd2 Bxd2+ 7. Qxd2 Nf6
8. Nc3 O-O 9. Be2 Bg4 10. O-O-O Ne4 11. Qe3 Nxc3 12. Qxc3 Re8 13. Bd3 dxc4 14.
Bxc4 Qf6 15. Rde1 Bxf3 16. gxf3 Qxd4 17. Qb3 Qf4+ 18. Kb1 Na5 19. Qa4 Qf5+ 20.
Ka1 c6 21. Bd3 Qxd3 22. Qxa5 Qxf3 23. Qc7 Rad8 24. Rxe8+ Rxe8 25. Rb1 Qxf2 26.
Qxb7 Qb6 27. Qd7 Rb8 28. b3 Qb7 29. Qf5 Qe7 30. Qg4 Qe5+ 31. Rb2 Re8 32. a3 h5
33. Qg2 c5 34. Ka2 g6 35. Qb7 Qe7 36. Qc6 Rd8 37. Rg2 Qd6 38. Qf3 Qd1 39. Qf5
Qd5 40. Qf1 Rb8 41. Rb2 Rb6 42. Qh3 Qe6 43. Qd3 Kh7 44. Re2 Rd6 45. Qb5 Qg4 46.
Qe8 Qd7 47. Qe3 Re6 0-1

[Event "IODFEM BO Bayerndreier 2018"]
[Site "Bodenmais"]
[Date "2018.07.28"]
[Round "1.4"]
[White "Zwetz, Anita"]
[Black "Rempe, Janne"]
[Result "1-0"]
[WhiteElo "1828"]
[BlackElo "1315"]
[PlyCount "129"]
[EventDate "2018.??.??"]
[WhiteTeam "TSV Kareth-Lappersdorf"]
[BlackTeam "SK Doppelbauer Kiel"]

1. d4 d6 2. Nf3 Nf6 3. Bg5 Nbd7 4. Nbd2 e5 5. e3 Be7 6. dxe5 dxe5 7. Bd3 b6 8.
Qe2 Bb7 9. e4 c6 10. c3 Qc7 11. h3 O-O 12. O-O Rad8 13. b4 a5 14. bxa5 bxa5 15.
Rfb1 Nc5 16. Bc4 Rd7 17. Rb2 a4 18. Rab1 a3 19. Rb6 Qd6 20. Bxf6 Bxf6 21. Qe3
Bd8 22. Rxb7 Rxb7 23. Rxb7 Nxb7 24. Bb3 Nc5 25. Nc4 Qe7 26. Bc2 f6 27. Nxa3
Nxe4 28. Bb3+ Kh8 29. Qxe4 Qxa3 30. Qxc6 Qc1+ 31. Kh2 Ba5 32. Qc5 Ra8 33. Bd5
Rb8 34. Qxa5 h6 35. Qa7 Rb1 36. Qa8+ Kh7 37. Be4+ g6 38. Qa7+ Kh8 39. Bxb1 Qxb1
40. Qa8+ Kg7 41. Qd5 Qb8 42. Qd7+ Kh8 43. Nh4 e4+ 44. g3 Qg8 45. Qe7 f5 46.
Qf6+ Kh7 47. Qxg6+ Qxg6 48. Nxg6 Kxg6 49. a4 Kg5 50. a5 f4 51. gxf4+ Kxf4 52.
Kg2 e3 53. fxe3+ Kxe3 54. a6 h5 55. a7 h4 56. a8=Q Kd3 57. Qf3+ Kc2 58. c4 Kb2
59. c5 Kc2 60. c6 Kb2 61. c7 Ka2 62. c8=Q Kb2 63. Qfc3+ Kb1 64. Qb7+ Ka2 65.
Qa5# 1-0

[Event "IODFEM BO Bayerndreier 2018"]
[Site "Bodenmais"]
[Date "2018.07.28"]
[Round "1.5"]
[White "Wolff, Beate"]
[Black "Stowicek, Yara Mathilda"]
[Result "0-1"]
[WhiteElo "1290"]
[BlackElo "1570"]
[PlyCount "68"]
[EventDate "2018.??.??"]
[WhiteTeam "VSG Offenbach"]
[BlackTeam "USV Halle"]

1. c4 Nf6 2. g3 d5 3. Bg2 Nc6 4. cxd5 Nxd5 5. Nc3 Nxc3 6. bxc3 Bd7 7. Nf3 g6 8.
O-O Bg7 9. Rb1 Rb8 10. d4 Bf5 11. Rb2 O-O 12. Be3 Qd7 13. Qd2 Bh3 14. Bh6 Bxg2
15. Kxg2 Na5 16. Rb4 Rfd8 17. Bxg7 Kxg7 18. Ne5 Qd5+ 19. f3 Qxe5 20. e4 Qd6 21.
d5 c5 22. Rb5 b6 23. Rd1 a6 24. Rbb1 Nc4 25. Qd3 b5 26. a4 e6 27. Qe2 Qe5 28.
Rb3 exd5 29. Kf2 dxe4 30. Rxd8 Rxd8 31. axb5 Rd2 32. Qxd2 Nxd2 33. Ra3 axb5 34.
fxe4 Qd5 0-1

[Event "IODFEM BO Bayerndreier 2018"]
[Site "Bodenmais"]
[Date "2018.07.28"]
[Round "1.6"]
[White "Kuehne, Maria"]
[Black "Mohammadi, Sholeh"]
[Result "1-0"]
[WhiteElo "1614"]
[BlackElo "1176"]
[PlyCount "59"]
[EventDate "2018.??.??"]
[WhiteTeam "FC Ergolding"]
[BlackTeam "SK Marburg"]

1. e4 e5 2. d4 exd4 3. Qxd4 Nc6 4. Qe3 d6 5. Nc3 Nf6 6. Bd2 Be6 7. O-O-O Be7 8.
h3 O-O 9. Qg3 Nh5 10. Qh2 Bg5 11. g4 Bxd2+ 12. Rxd2 Nf6 13. f4 Qe7 14. g5 Nh5
15. Be2 g6 16. Bxh5 gxh5 17. f5 Bc4 18. Nf3 Nb4 19. b3 Ba6 20. Rg1 Nc6 21. Nd5
Qd8 22. Nf6+ Kh8 23. Qg3 Ne7 24. Qh4 Ng6 25. Qxh5 Qxf6 26. gxf6 Nf4 27. Qh6
Ne2+ 28. Rxe2 Rg8 29. Rg7 Rxg7 30. Qxg7# 1-0

[Event "IODFEM BO Bayerndreier 2018"]
[Site "Bodenmais"]
[Date "2018.07.29"]
[Round "2.1"]
[White "Von Herman, Brigitte"]
[Black "Zwetz, Anita"]
[Result "1-0"]
[WhiteElo "2068"]
[BlackElo "1828"]
[PlyCount "131"]
[EventDate "2018.??.??"]
[WhiteTeam "Königsjäger Süd-West"]
[BlackTeam "TSV Kareth-Lappersdorf"]

1. e4 e6 2. d4 d5 3. Nc3 Nf6 4. Bg5 Be7 5. e5 Nfd7 6. Bxe7 Qxe7 7. f4 a6 8. Nf3
c5 9. Qd2 Nc6 10. O-O-O b5 11. dxc5 Nxc5 12. Nd4 Bb7 13. Nxc6 Bxc6 14. Bd3 b4
15. Ne2 Nxd3+ 16. Qxd3 Bb5 17. Qd2 Bxe2 18. Qxe2 O-O 19. Kb1 a5 20. h4 Rfc8 21.
Rd4 Rc5 22. h5 Rac8 23. Rc1 Rc4 24. Rxc4 Rxc4 25. g3 h6 26. Qd3 Qc5 27. f5 Rd4
28. Qf3 Re4 29. f6 Rxe5 30. g4 Qe3 31. Qf1 Qg5 32. fxg7 Kxg7 33. Qf3 Qf6 34.
Qd3 Re4 35. Rf1 Qe5 36. Qd1 Rf4 37. Rg1 Qg5 38. Qe2 Re4 39. Qf3 Qe3 40. Qh1 f6
41. b3 Qc3 42. Qg2 Re1+ 43. Rxe1 Qxe1+ 44. Kb2 Qc3+ 45. Kb1 Qc5 46. Qf3 Qg1+
47. Kb2 Qd4+ 48. Kb1 Qe4 49. Qg3 e5 50. Qg1 d4 51. Qd1 Qd5 52. Qd3 Qh1+ 53. Kb2
Qc6 54. Qg6+ Kf8 55. Qxh6+ Ke7 56. Qg7+ Ke6 57. Qg8+ Kd6 58. Qc4 Qd7 59. Qg8 e4
60. h6 Qe7 61. h7 d3 62. Qb8+ Kc5 63. Qc8+ Kd6 64. Qa6+ Ke5 65. h8=Q Qc5 66.
Qhxf6+ 1-0

[Event "IODFEM BO Bayerndreier 2018"]
[Site "Bodenmais"]
[Date "2018.07.29"]
[Round "2.2"]
[White "Stowicek, Yara Mathilda"]
[Black "Lorencova, Vera"]
[Result "0-1"]
[WhiteElo "1570"]
[BlackElo "1862"]
[PlyCount "72"]
[EventDate "2018.??.??"]
[WhiteTeam "USV Halle"]
[BlackTeam "Czechien"]

1. e4 d5 2. exd5 Qxd5 3. Nc3 Qa5 4. d4 Nf6 5. Nf3 Bg4 6. h3 Bh5 7. Bc4 Nc6 8.
Be3 O-O-O 9. g4 Bg6 10. O-O e5 11. d5 Bb4 12. g5 Bxc3 13. gxf6 Bxb2 14. Rb1 Qc3
15. Bb3 Bh5 16. Bd2 Qxf3 17. Qxf3 Bxf3 18. dxc6 Rxd2 19. cxb7+ Bxb7 20. Rxb2
gxf6 21. Bxf7 Rd6 22. a4 Rf8 23. Ba2 f5 24. a5 Rg6+ 25. Kh2 Rg2+ 26. Kh1 Rxf2+
27. Kg1 Rg2+ 28. Kh1 Rxc2+ 29. Rxb7 Kxb7 30. Bd5+ c6 31. Be6 f4 32. Rd1 f3 33.
Rf1 e4 34. Bg4 Rd8 35. Re1 f2 36. Rf1 e3 0-1

[Event "IODFEM BO Bayerndreier 2018"]
[Site "Bodenmais"]
[Date "2018.07.29"]
[Round "2.3"]
[White "Just, Anita"]
[Black "Kuehne, Maria"]
[Result "1-0"]
[WhiteElo "1897"]
[BlackElo "1614"]
[PlyCount "113"]
[EventDate "2018.??.??"]
[WhiteTeam "SV Allianz Leipzig"]
[BlackTeam "FC Ergolding"]

1. e4 b6 2. d4 Bb7 3. Bd3 Nf6 4. Nc3 e6 5. Nf3 Bb4 6. Qe2 d5 7. e5 Ne4 8. Bd2
Nxd2 9. Qxd2 Nd7 10. O-O a6 11. Qf4 Bxc3 12. bxc3 Qe7 13. a4 c5 14. Qg3 g6 15.
Ng5 Rc8 16. f4 Kd8 17. Qh3 Kc7 18. Rfb1 h6 19. Nf3 g5 20. f5 Rcg8 21. Qg3 h5
22. f6 Qf8 23. Nxg5 h4 24. Qf4 h3 25. Nf3 Rxg2+ 26. Kh1 c4 27. Bf1 Qg8 28. Qe3
Rh5 29. Re1 Rxc2 30. Re2 Rxe2 31. Qxe2 Qg6 32. Re1 Qg4 33. Ng1 Qf5 34. Qf3 Qh7
35. Nxh3 Rf5 36. Qg3 Rh5 37. Bg2 Rh6 38. Nf4 a5 39. h3 Bc6 40. Ra1 Qf5 41. Qe3
Rh7 42. Qd2 Kb7 43. Rf1 Qg5 44. Qc2 Rh4 45. Ne2 Qh6 46. Rf3 Nxe5 47. dxe5 d4
48. Nxd4 Bxf3 49. Nxf3 Rf4 50. Ng5+ Kc7 51. Nxf7 Qf8 52. Qd2 Rf1+ 53. Bxf1 Qxf7
54. Qd6+ Kc8 55. Qc6+ Kd8 56. Qxb6+ Ke8 57. Qb8+ 1-0

[Event "IODFEM BO Bayerndreier 2018"]
[Site "Bodenmais"]
[Date "2018.07.29"]
[Round "2.4"]
[White "Rempe, Janne"]
[Black "Weinmann, Helene"]
[Result "1-0"]
[WhiteElo "1315"]
[BlackElo "1544"]
[PlyCount "35"]
[EventDate "2018.??.??"]
[WhiteTeam "SK Doppelbauer Kiel"]
[BlackTeam "SV Riegelsberg"]

1. d4 Nf6 2. Nf3 d5 3. Bf4 e6 4. e3 Be7 5. h3 Nbd7 6. c3 Ne4 7. Nbd2 Nd6 8. Bd3
Nf6 9. Ne5 Nde4 10. g4 Nxd2 11. Qxd2 Nd7 12. Qc2 c5 13. Bxh7 c4 14. g5 Bxg5 15.
Nxf7 Kxf7 16. Qg6+ Kf8 17. Bd6+ Be7 18. Rg1 1-0

[Event "IODFEM BO Bayerndreier 2018"]
[Site "Bodenmais"]
[Date "2018.07.29"]
[Round "2.5"]
[White "Cheredzhiyska, Iva"]
[Black "Wolff, Beate"]
[Result "1-0"]
[WhiteElo "1426"]
[BlackElo "1266"]
[PlyCount "121"]
[EventDate "2018.??.??"]
[WhiteTeam "TV Tegernsee"]
[BlackTeam "VSG Offenbach"]

1. e4 c6 2. d4 d5 3. Nd2 dxe4 4. Nxe4 Bf5 5. Ng3 Bg6 6. Nf3 Nd7 7. Bd3 Bxd3 8.
Qxd3 Ngf6 9. O-O e6 10. Re1 Be7 11. Qb3 Qb6 12. Ng5 Qxb3 13. axb3 O-O 14. Nf5
Nd5 15. Nxe7+ Nxe7 16. c4 a6 17. Bf4 Nf5 18. Rad1 Rfe8 19. Ne4 h6 20. Nc5 Nxc5
21. dxc5 Rad8 22. Bd6 Nh4 23. Rd4 Nf5 24. Rd2 Ne7 25. Red1 Nf5 26. h3 Kh7 27.
b4 Ne7 28. Rd3 Nf5 29. Rf3 Rd7 30. Rfd3 Rdd8 31. b3 Nh4 32. g3 Ng6 33. f4 f6
34. Re3 e5 35. Rde1 e4 36. Rxe4 Rxe4 37. Rxe4 Nh8 38. Re7 Ng6 39. Rxb7 Re8 40.
Kf2 f5 41. Rb6 Rc8 42. Rxa6 Nh8 43. Ra7 Kg6 44. h4 Kf6 45. Be5+ Ke6 46. Rxg7
Nf7 47. Rg6+ Kd7 48. Bd6 Ra8 49. b5 cxb5 50. cxb5 Ra2+ 51. Ke3 Rb2 52. c6+ Kc8
53. Rg8+ Nd8 54. c7 Rxb3+ 55. Kd2 Kd7 56. Rxd8+ Ke6 57. c8=Q+ Kd5 58. Be5+ Ke4
59. Qc2+ Kf3 60. Qxb3+ Kg4 61. Qd1+ 1-0

[Event "IODFEM BO Bayerndreier 2018"]
[Site "Bodenmais"]
[Date "2018.07.29"]
[Round "2.6"]
[White "Mohammadi, Sholeh"]
[Black "Rempe, Mieke"]
[Result "0-1"]
[WhiteElo "1158"]
[BlackElo "1504"]
[PlyCount "134"]
[EventDate "2018.??.??"]
[WhiteTeam "SK Marburg"]
[BlackTeam "SK Doppelbauer Kiel"]

1. c4 e6 2. d4 Nf6 3. Nf3 Be7 4. e3 d5 5. Bd3 Nbd7 6. O-O b6 7. Nc3 Bb7 8. Bd2
Bd6 9. Re1 Ne4 10. Rc1 Nxd2 11. Qxd2 dxc4 12. Be4 Bxe4 13. Nxe4 b5 14. a3 Nf6
15. Nc3 a6 16. Qe2 O-O 17. e4 Be7 18. h3 Re8 19. e5 Nd5 20. Qe4 Nxc3 21. Rxc3
b4 22. Rxc4 bxa3 23. bxa3 Bxa3 24. Qd3 Bf8 25. Ra4 c5 26. Rxa6 Rxa6 27. Qxa6
cxd4 28. Qd3 Bc5 29. Rc1 Qd5 30. Rc4 Ra8 31. Rc1 Ra3 32. Qb5 Rc3 33. Qe8+ Bf8
34. Rd1 Qc5 35. Rxd4 Rxf3 36. gxf3 Qxd4 37. Qb8 Qb4 38. Qc7 g6 39. Kg2 Qf4 40.
Qa5 Qg5+ 41. Kh2 Kg7 42. Qc3 Qf4+ 43. Kg2 Bb4 44. Qe3 Qxe3 45. fxe3 f6 46.
exf6+ Kxf6 47. e4 Ke5 48. Kg3 h5 49. h4 Be1+ 50. Kg2 Bxh4 51. Kh3 Kf4 52. Kg2
Bg3 53. e5 Kxe5 54. Kxg3 g5 55. Kh3 Kf4 56. Kg2 h4 57. Kf2 h3 58. Ke2 h2 59.
Kf2 h1=Q 60. Ke2 Qxf3+ 61. Kd2 Qe3+ 62. Kd1 Qf2 63. Kc1 Qe2 64. Kb1 Qd2 65. Ka1
Ke4 66. Kb1 Kd3 67. Ka1 Kc3 0-1

[Event "IODFEM BO Bayerndreier 2018"]
[Site "Bodenmais"]
[Date "2018.07.30"]
[Round "3.1"]
[White "Lorencova, Vera"]
[Black "Von Herman, Brigitte"]
[Result "1-0"]
[WhiteElo "1862"]
[BlackElo "2068"]
[PlyCount "39"]
[EventDate "2018.??.??"]
[WhiteTeam "Czechien"]
[BlackTeam "Königsjäger Süd-West"]

1. e4 e5 2. Nf3 d6 3. d4 exd4 4. Nxd4 Nf6 5. Nc3 Be7 6. Be2 O-O 7. Be3 c6 8.
Qd2 d5 9. exd5 Nxd5 10. Nxd5 Qxd5 11. Bf3 Qe5 12. O-O-O Rd8 13. Bf4 Qf6 14. Qe3
Bc5 15. Rhe1 Be6 16. Be5 Qe7 17. Bxg7 Na6 18. Qh6 Bxd4 19. Rxd4 Rxd4 20. Bxd4
1-0

[Event "IODFEM BO Bayerndreier 2018"]
[Site "Bodenmais"]
[Date "2018.07.30"]
[Round "3.2"]
[White "Zwetz, Anita"]
[Black "Just, Anita"]
[Result "0-1"]
[WhiteElo "1828"]
[BlackElo "1897"]
[PlyCount "102"]
[EventDate "2018.??.??"]
[WhiteTeam "TSV Kareth-Lappersdorf"]
[BlackTeam "SV Allianz Leipzig"]

1. d4 e6 2. Nf3 f5 3. Bg5 Nf6 4. Nbd2 Be7 5. e3 b6 6. Bd3 Bb7 7. Qe2 Ne4 8.
Bxe7 Qxe7 9. Bxe4 fxe4 10. Ne5 O-O 11. h3 c5 12. O-O-O d6 13. Ng4 Ba6 14. c4 d5
15. Ne5 Nd7 16. Nxd7 Qxd7 17. dxc5 Qa4 18. Qg4 Rae8 19. Kb1 Bxc4 20. Nxc4 Qxc4
21. Rd4 Qxc5 22. Rc1 Qe7 23. f3 exf3 24. gxf3 Qf7 25. Rg1 Qf5+ 26. e4 Qxg4 27.
fxg4 Rf4 28. Re1 Rc8 29. a3 Rc7 30. Re3 Rxe4 31. Rdxe4 dxe4 32. Rxe4 Kf7 33.
Ka2 Ke7 34. Kb3 Kd6 35. Rd4+ Ke5 36. Rd3 Ke4 37. Rd1 e5 38. Re1+ Kf4 39. Rf1+
Kg3 40. Re1 Kxh3 41. g5 Rc5 42. Rh1+ Kg4 43. Rxh7 Rc7 44. g6 Kg5 45. Rh1 Kxg6
46. Rf1 Kg5 47. a4 e4 48. Kb4 Kg4 49. b3 e3 50. a5 bxa5+ 51. Kxa5 e2 0-1

[Event "IODFEM BO Bayerndreier 2018"]
[Site "Bodenmais"]
[Date "2018.07.30"]
[Round "3.3"]
[White "Rempe, Mieke"]
[Black "Stowicek, Yara Mathilda"]
[Result "0-1"]
[WhiteElo "1504"]
[BlackElo "1570"]
[PlyCount "60"]
[EventDate "2018.??.??"]
[WhiteTeam "SK Doppelbauer Kiel"]
[BlackTeam "USV Halle"]

1. e4 e5 2. Nf3 Nc6 3. Bb5 a6 4. Ba4 Nf6 5. O-O Nxe4 6. Bxc6 dxc6 7. Re1 Nf6 8.
Nxe5 Be7 9. d3 Bf5 10. Nc3 Nd5 11. Ne4 Bg6 12. c4 Nf6 13. Nxf6+ gxf6 14. Ng4
Qd6 15. Qb3 O-O-O 16. d4 h5 17. Ne3 Qxd4 18. h3 Qc5 19. a3 Rhg8 20. Qc3 Rd3 21.
b4 Qd6 22. Qb2 f5 23. c5 Qd7 24. Nc4 f6 25. Qa2 Bh7 26. h4 Rg7 27. Bh6 Rg6 28.
Qc2 Rd4 29. Be3 Qd5 30. f3 Rxc4 0-1

[Event "IODFEM BO Bayerndreier 2018"]
[Site "Bodenmais"]
[Date "2018.07.30"]
[Round "3.4"]
[White "Kuehne, Maria"]
[Black "Cheredzhiyska, Iva"]
[Result "1/2-1/2"]
[WhiteElo "1614"]
[BlackElo "1426"]
[PlyCount "91"]
[EventDate "2018.??.??"]
[WhiteTeam "FC Ergolding"]
[BlackTeam "TV Tegernsee"]

1. e4 e5 2. d4 exd4 3. Qxd4 Nc6 4. Qe3 Be7 5. Nc3 Nf6 6. Bd2 O-O 7. O-O-O d6 8.
h3 Be6 9. Qg3 Kh8 10. Qh2 a6 11. f3 b5 12. Bg5 b4 13. Bxf6 Bxf6 14. Nd5 Bxd5
15. Rxd5 a5 16. f4 Qe7 17. Rd1 Qxe4 18. Nf3 Qe6 19. Kb1 a4 20. Nd2 Na5 21. Bd3
b3 22. Rhe1 bxa2+ 23. Ka1 Qd5 24. Ne4 a3 25. Nxf6 axb2+ 26. Kxb2 Rfb8+ 27. Kc3
Qc5+ 28. Kd2 gxf6 29. Ke2 Qb4 30. Qh1 Re8+ 31. Kf3 Qb7+ 32. Be4 c6 33. g4 d5
34. Bd3 Qa7 35. Ra1 Rxe1 36. Qxe1 Nb7 37. Qh4 f5 38. Qf6+ Kg8 39. Qg5+ Kf8 40.
Qh6+ Ke7 41. Qg5+ Kd6 42. Qf6+ Kc5 43. Qc3+ Kb6 44. Qb4+ Kc7 45. Qe7+ Kb6 46.
Qb4+ 1/2-1/2

[Event "IODFEM BO Bayerndreier 2018"]
[Site "Bodenmais"]
[Date "2018.07.30"]
[Round "3.5"]
[White "Wolff, Beate"]
[Black "Rempe, Janne"]
[Result "0-1"]
[WhiteElo "1266"]
[BlackElo "1315"]
[PlyCount "58"]
[EventDate "2018.??.??"]
[WhiteTeam "VSG Offenbach"]
[BlackTeam "SK Doppelbauer Kiel"]

1. c4 d6 2. g3 Nf6 3. Bg2 Nbd7 4. Nf3 e5 5. d3 c6 6. O-O Be7 7. Nc3 O-O 8. b3
Nc5 9. Bb2 Bd7 10. h3 Qc8 11. Kh2 Nh5 12. Qd2 f5 13. Ng1 f4 14. g4 Nf6 15. f3
h5 16. d4 Ne6 17. dxe5 dxe5 18. Nd1 hxg4 19. Bxe5 gxh3 20. Nxh3 Nh5 21. Ndf2
Rf5 22. Bb2 Ng3 23. Rfd1 Nf8 24. Nxf4 Qc7 25. Kxg3 Rxf4 26. Qxf4 Bh4+ 27. Kxh4
Qxf4+ 28. Ng4 Bxg4 29. Rd4 Ng6# 0-1

[Event "IODFEM BO Bayerndreier 2018"]
[Site "Bodenmais"]
[Date "2018.07.30"]
[Round "3.6"]
[White "Weinmann, Helene"]
[Black "Mohammadi, Sholeh"]
[Result "0-1"]
[WhiteElo "1544"]
[BlackElo "1158"]
[PlyCount "74"]
[EventDate "2018.??.??"]
[WhiteTeam "SV Riegelsberg"]
[BlackTeam "SK Marburg"]

1. d4 c6 2. Nf3 d6 3. e3 Bf5 4. Nbd2 Nd7 5. e4 Bg4 6. Be2 e5 7. c3 Be7 8. O-O
Ngf6 9. Re1 O-O 10. Qc2 Rc8 11. Nc4 exd4 12. Nxd4 Bxe2 13. Qxe2 b5 14. Nd2 g6
15. N2f3 Kg7 16. Bf4 h6 17. e5 Nd5 18. Bg3 dxe5 19. Nxe5 Nxe5 20. Bxe5+ Bf6 21.
Bxf6+ Nxf6 22. Qf3 Qd5 23. Qxd5 Nxd5 24. g3 a6 25. Re2 c5 26. Nc2 a5 27. Rae1
b4 28. c4 Nb6 29. b3 a4 30. Re7 axb3 31. axb3 Rc6 32. Rb7 Nc8 33. Rd7 Nd6 34.
Kf1 h5 35. Ne3 Ra8 36. Rd1 Ne4 37. Ra7 Rxa7 0-1

[Event "IODFEM BO Bayerndreier 2018"]
[Site "Bodenmais"]
[Date "2018.07.31"]
[Round "4.1"]
[White "Just, Anita"]
[Black "Lorencova, Vera"]
[Result "1/2-1/2"]
[WhiteElo "1897"]
[BlackElo "1862"]
[PlyCount "108"]
[EventDate "2018.??.??"]
[WhiteTeam "SV Allianz Leipzig"]
[BlackTeam "Czechien"]

1. e4 d5 2. exd5 Qxd5 3. Nc3 Qa5 4. d4 Nf6 5. Nf3 Bg4 6. Be2 Nc6 7. O-O O-O-O
8. Be3 e5 9. d5 Nxd5 10. Nxd5 Rxd5 11. Nd2 Bxe2 12. Qxe2 f5 13. Nb3 Qb4 14. c4
Rd8 15. Rfc1 f4 16. Bd2 Qd6 17. Bc3 Be7 18. Qg4+ Kb8 19. Rd1 Qf6 20. Nd2 h5 21.
Qe2 Qf5 22. Qe4 Qf6 23. Nf3 Bd6 24. b4 Rde8 25. c5 Bf8 26. b5 Nd8 27. Nxe5 Kc8
28. Qd5 Qf5 29. c6 Bd6 30. cxb7+ Nxb7 31. Nc6 Qxd5 32. Rxd5 Re2 33. Bxg7 Rhe8
34. Rdd1 Bc5 35. Bd4 Bxd4 36. Nxd4 Rb2 37. Kf1 Nd6 38. a4 Ne4 39. f3 Nd2+ 40.
Kg1 Nc4 41. Rf1 Rd8 42. Ne6 Rdd2 43. Nxf4 Ne3 44. Rfb1 Rbc2 45. Rb3 Nxg2 46.
Nxh5 Nh4 47. Nf4 Rf2 48. Rf1 Rxh2 49. Re3 Rhd2 50. Rfe1 Ng2 51. Re8+ Kb7 52.
Nxg2 Rxg2+ 53. Kh1 Rh2+ 54. Kg1 Rcg2+ 1/2-1/2

[Event "IODFEM BO Bayerndreier 2018"]
[Site "Bodenmais"]
[Date "2018.07.31"]
[Round "4.2"]
[White "Von Herman, Brigitte"]
[Black "Rempe, Janne"]
[Result "1-0"]
[WhiteElo "2068"]
[BlackElo "1315"]
[PlyCount "69"]
[EventDate "2018.??.??"]
[WhiteTeam "Königsjäger Süd-West"]
[BlackTeam "SK Doppelbauer Kiel"]

1. e4 d6 2. d4 Nd7 3. f4 Ngf6 4. Bd3 e5 5. c3 Be7 6. Nf3 exf4 7. Bxf4 c6 8. O-O
O-O 9. Nbd2 b5 10. Qe2 Re8 11. Bc2 Nf8 12. h3 Ng6 13. Bh2 Nh5 14. e5 dxe5 15.
Nxe5 Nxe5 16. Bxe5 Nf6 17. Qd3 g6 18. Qf3 Kg7 19. Qxc6 Bd7 20. Qf3 Qb6 21. Ne4
Bf5 22. g4 Bd8 23. Bxf6+ Bxf6 24. gxf5 gxf5 25. Nxf6 Qxf6 26. Qxf5 Qg6+ 27.
Qxg6+ fxg6 28. Rae1 Rec8 29. Re7+ Kh8 30. Rff7 b4 31. Rxh7+ Kg8 32. Bb3+ Kf8
33. Ref7+ Kg8 34. Rfg7+ Kf8 35. Rg8# 1-0

[Event "IODFEM BO Bayerndreier 2018"]
[Site "Bodenmais"]
[Date "2018.07.31"]
[Round "4.3"]
[White "Stowicek, Yara Mathilda"]
[Black "Kuehne, Maria"]
[Result "1-0"]
[WhiteElo "1570"]
[BlackElo "1614"]
[PlyCount "79"]
[EventDate "2018.??.??"]
[WhiteTeam "USV Halle"]
[BlackTeam "FC Ergolding"]

1. e4 d5 2. exd5 Qxd5 3. Nc3 Qd6 4. d4 c6 5. Bc4 Nf6 6. h3 Bf5 7. Nf3 e6 8. Be3
Nbd7 9. Bb3 Qc7 10. Qd2 Bd6 11. Nh4 Be4 12. Nxe4 Nxe4 13. Qd3 Nef6 14. c4 c5
15. Nf3 e5 16. dxe5 Nxe5 17. Qe2 O-O-O 18. O-O-O Nc6 19. Kb1 Rhe8 20. Qc2 Nb4
21. Qc1 Nd7 22. a3 Nc6 23. Qc2 Nf6 24. Rhe1 h6 25. Ba4 Kb8 26. Nd2 Re6 27. Nf3
Ne5 28. Nxe5 Rxe5 29. Rd3 Nd7 30. Red1 Nb6 31. Bb3 Ree8 32. g3 Kc8 33. a4 Bf8
34. Bf4 Qe7 35. a5 Rxd3 36. Qxd3 Na8 37. Qf5+ Qe6 38. Qd3 g5 39. Ba4 gxf4 40.
Bd7+ 1-0

[Event "IODFEM BO Bayerndreier 2018"]
[Site "Bodenmais"]
[Date "2018.07.31"]
[Round "4.4"]
[White "Cheredzhiyska, Iva"]
[Black "Rempe, Mieke"]
[Result "0-1"]
[WhiteElo "1426"]
[BlackElo "1504"]
[PlyCount "134"]
[EventDate "2018.??.??"]
[WhiteTeam "TV Tegernsee"]
[BlackTeam "SK Doppelbauer Kiel"]

1. e4 c6 2. d4 d5 3. exd5 cxd5 4. Bd3 Nc6 5. c3 Nf6 6. Bf4 Bg4 7. Qc2 Rc8 8.
Qb3 Na5 9. Qa4+ Bd7 10. Qd1 e6 11. Nd2 b5 12. h3 Nc4 13. Nxc4 dxc4 14. Bc2 Bc6
15. Nf3 Be4 16. Bxe4 Nxe4 17. O-O Bd6 18. Ne5 O-O 19. Qf3 Nd2 20. Bxd2 Bxe5 21.
Rfe1 Bf6 22. Qb7 Qd5 23. Qxa7 Rfd8 24. Be3 Rd7 25. Qa3 Be7 26. b4 cxb3 27. Qxb3
Qxb3 28. axb3 Rxc3 29. Ra8+ Rd8 30. Rxd8+ Bxd8 31. Rb1 h6 32. Kf1 Bg5 33. Ke2
Bxe3 34. fxe3 Rc2+ 35. Kf3 Kh7 36. b4 Kg6 37. Rb3 Rc4 38. Rb2 h5 39. Ke4 f6 40.
Kd3 Kf5 41. Rf2+ Kg5 42. Rb2 Kf5 43. g3 Kg5 44. Rb1 h4 45. g4 g6 46. Kd2 Kh6
47. Rf1 Kg5 48. Rb1 Kh6 49. Rb2 Kg5 50. Ke2 Kh6 51. Kf3 Kg5 52. Rb1 Rc2 53. Rh1
Rb2 54. Rc1 Rh2 55. Rc5+ f5 56. Rxb5 Rxh3+ 57. Kf2 Kxg4 58. Rb8 Rf3+ 59. Ke2
Rg3 60. b5 Rg2+ 61. Kd3 h3 62. b6 h2 63. Rh8 Rb2 64. b7 Kg3 65. b8=Q+ Rxb8 66.
Rxb8 h1=Q 67. Rb2 Qe4+ 0-1

[Event "IODFEM BO Bayerndreier 2018"]
[Site "Bodenmais"]
[Date "2018.07.31"]
[Round "4.5"]
[White "Wolff, Beate"]
[Black "Weinmann, Helene"]
[Result "0-1"]
[WhiteElo "1266"]
[BlackElo "1544"]
[PlyCount "160"]
[EventDate "2018.??.??"]
[WhiteTeam "VSG Offenbach"]
[BlackTeam "SV Riegelsberg"]

1. c4 Nf6 2. Nf3 g6 3. d4 Bg7 4. g3 O-O 5. Bg2 c6 6. O-O d5 7. Nbd2 dxc4 8.
Nxc4 Nbd7 9. Bf4 Nd5 10. Bd2 N7b6 11. b3 Nxc4 12. bxc4 Nb6 13. Ba5 Qe8 14. Rc1
Bf5 15. Bb4 Qd7 16. Ne5 Bxe5 17. dxe5 Rfe8 18. Qxd7 Nxd7 19. f4 Nb6 20. Rfd1
Be6 21. Rd4 Rac8 22. Bc5 Kg7 23. Bxb6 axb6 24. a4 Ra8 25. Ra1 Ra5 26. Rb1 Rxa4
27. Rxb6 Ra7 28. c5 Rea8 29. Kf2 f6 30. exf6+ Kxf6 31. Rdb4 Bc8 32. e4 Ra2+ 33.
Rb2 R2a5 34. e5+ Kf7 35. Rc2 R8a7 36. Rbb2 Bf5 37. Rc3 Be6 38. Rb6 Ra2+ 39. Kg1
Ra1+ 40. Bf1 Bh3 41. Rf3 Rc1 42. g4 Bxg4 43. Rf2 Rxc5 44. Kg2 Bc8 45. Kg3 Rc3+
46. Rf3 Rxf3+ 47. Kxf3 Ra3+ 48. Kf2 Ra2+ 49. Kg3 Ra1 50. Bc4+ e6 51. Kf3 Ra4
52. Be2 Ra3+ 53. Kf2 Ke7 54. h4 Kd7 55. Bf3 Kc7 56. Rb1 b6 57. Kg3 c5 58. Kf2
Ra4 59. Ke3 Bd7 60. Rg1 Ra3+ 61. Kf2 Ra2+ 62. Ke3 Rh2 63. Ra1 Rh3 64. Ra7+ Kd8
65. Ra8+ Ke7 66. Ra7 Kd8 67. Ra8+ Bc8 68. Ra7 Rxh4 69. Ra8 Kc7 70. Ra7+ Kd8 71.
Ra8 Rh3 72. Ke4 Kc7 73. Ra7+ Bb7+ 74. Ke3 Rxf3+ 75. Ke2 Rxf4 76. Ke3 Re4+ 77.
Kf3 Rxe5+ 78. Kf4 Rf5+ 79. Kg4 b5 80. Ra1 Kb6 0-1

[Event "IODFEM BO Bayerndreier 2018"]
[Site "Bodenmais"]
[Date "2018.07.31"]
[Round "4.6"]
[White "Mohammadi, Sholeh"]
[Black "Zwetz, Anita"]
[Result "0-1"]
[WhiteElo "1158"]
[BlackElo "1828"]
[PlyCount "72"]
[EventDate "2018.??.??"]
[WhiteTeam "SK Marburg"]
[BlackTeam "TSV Kareth-Lappersdorf"]

1. c4 e6 2. d4 d5 3. cxd5 exd5 4. Nf3 Nf6 5. h3 Bd6 6. Nc3 c6 7. Bg5 O-O 8. e3
Nbd7 9. Bd3 h6 10. Bxf6 Nxf6 11. Ne5 c5 12. Nf3 c4 13. Be2 Re8 14. O-O Bd7 15.
a4 Qa5 16. Nb5 Bxb5 17. axb5 Qxb5 18. Rb1 Qd7 19. b3 b5 20. bxc4 bxc4 21. Qc1
a5 22. Ra1 a4 23. Bd1 a3 24. Bc2 a2 25. Qd2 Reb8 26. Rfc1 Bb4 27. Qd1 Ra3 28.
Qe2 Qa7 29. Bd1 Ne4 30. Bc2 Bc3 31. Bxe4 dxe4 32. Rxc3 Rxc3 33. Rxa2 exf3 34.
gxf3 Rc1+ 35. Kg2 Qb6 36. Ra4 Qg6+ 0-1